| 000 | 00650nam a2200205Ia 4500 | ||
|---|---|---|---|
| 003 | LK-CoDNM | ||
| 008 | 010623t1998 xxu||||| |||| 00| 1 sin d | ||
| 040 |
_aLK-CoDNM _dLK-CoDNM _eLK-CoDNM |
||
| 041 | _asin | ||
| 080 |
_a771.531.3 _bMIH |
||
| 100 | _aMihindukula, Sunil | ||
| 245 | _aමාර්ටින් වික්රමසිංහ හා සිංහල චිත්රපට විචාරය | ||
| 246 | _aMartin Wickramasinghe haa Sinhala chithrapata vicharaya | ||
| 260 |
_bSaara publications _aKottawa _c1998 |
||
| 300 | _b56, 21.5 cm | ||
| 650 | _aCinema | ||
| 650 | _aDancing | ||
| 650 | _aLiterature | ||
| 942 | _cBK | ||
| 999 |
_c119074 _d119074 |
||